Spooky sleep-out / (Record no. 112136)
[ view plain ]
| 000 -LEADER | |
|---|---|
| fixed length control field | 00686nam a2200205 a 4500 |
| 001 - CONTROL NUMBER | |
| control field | 3939 |
| 005 - DATE AND TIME OF LATEST TRANSACTION | |
| control field | 20140414131928.0 |
| 008 - FIXED-LENGTH DATA ELEMENTS--GENERAL INFORMATION | |
| fixed length control field | 040715s19uu xx 00 eng d |
| 020 ## - INTERNATIONAL STANDARD BOOK NUMBER | |
| International Standard Book Number | 0-375-81394-2 |
| 050 ## - LIBRARY OF CONGRESS CALL NUMBER | |
| Classification number | ER |
| Item number | Sp6 2001 |
| 100 ## - MAIN ENTRY--PERSONAL NAME | |
| Personal name | Suben, Eric |
| 245 ## - TITLE STATEMENT | |
| Title | Spooky sleep-out / |
| Statement of responsibility, etc | by Eric Suben ; illustrated by Joe Ewers. |
| 260 ## - PUBLICATION, DISTRIBUTION, ETC. (IMPRINT) | |
| Place of publication, distribution, etc | New York : |
| Name of publisher, distributor, etc | Random House, |
| Date of publication, distribution, etc | 2001. |
| 300 ## - PHYSICAL DESCRIPTION | |
| Extent | 1 v. p. : ill. ; cm. |
| 440 ## - SERIES STATEMENT/ADDED ENTRY--TITLE | |
| Title | A Random House pictureback |
| 520 ## - SUMMARY, ETC. | |
| Summary, etc | Elmo, Zoe, Big Bird and Grover are camping out in the backyard, but strange noises and shadows make them too frightened to sleep. |
| 650 ## - SUBJECT ADDED ENTRY--TOPICAL TERM | |
| Topical term or geographic name as entry element | Camping |
| General subdivision | Fiction. |
| 650 ## - SUBJECT ADDED ENTRY--TOPICAL TERM | |
| Topical term or geographic name as entry element | Puppets |
| General subdivision | Fiction. |
| Withdrawn status | Lost status | Damaged status | Use restrictions | Home library | Current library | Shelving location | Date acquired | Source of acquisition | Total Checkouts | Full call number | Barcode | Date last seen | Price effective from | Koha item type |
|---|---|---|---|---|---|---|---|---|---|---|---|---|---|---|
| Munich Library | Munich Library | Easy Reading Section | 07/15/2004 | ER Sp6 2001 | M3192 | 04/14/2014 | 04/14/2014 | Books |